[Event "HUN-chT U18"]
[Site "Miskolc"]
[Date "2011.11.04"]
[Round "4.2"]
[White "Ujhazi, Mihaly"]
[Black "Benedek, Kata"]
[Result "1-0"]
[WhiteElo "2094"]
[BlackElo "1747"]
[PlyCount "53"]
[EventDate "2011.11.02"]
[EventType "team-swiss"]
[EventRounds "8"]
[EventCountry "HUN"]
[SourceTitle "EXT 2012"]
[Source "ChessBase"]
[SourceDate "2011.11.24"]
[SourceVersion "1"]
[SourceVersionDate "2011.11.24"]
[SourceQuality "1"]
[WhiteTeam "Maroczy"]
[BlackTeam "Kisber Aszar"]
[WhiteTeamCountry "HUN"]
[BlackTeamCountry "HUN"]

1. Nf3 Nc6 2. d4 d5 3. c4 e6 4. Nc3 Nf6 5. e3 Bb4 6. Qc2 0-0 7. a3 Bxc3+ 8. bxc3 h6 9. Bd3 Ne8 10. cxd5 exd5 11. c4 dxc4 12. Bxc4 Nd6 13. Bd3 Qe7 14. 0-0 f5 15. a4 Kh8 16. Ba3 Rf6 17. Ne5 Bd7 18. Rab1 Qe8 19. Rfc1 Rb8 20. Nxd7 Qxd7 21. Bb5 Nf7 22. Qb3 Re8 23. d5 Na5 24. Bxd7 Nxb3 25. Rxb3 Re5 26. Be6 c6 27. Bb2 1-0